Šibal krtko (Record no. 21060)
[ view plain ]
| 000 -LEADER | |
|---|---|
| fixed length control field | 01857cam a2200505 a 4500 |
| 001 - CONTROL NUMBER | |
| control field | 21060 |
| 003 - CONTROL NUMBER IDENTIFIER | |
| control field | VRT |
| 005 - DATE AND TIME OF LATEST TRANSACTION | |
| control field | 20260211123216.0 |
| 008 - FIXED-LENGTH DATA ELEMENTS--GENERAL INFORMATION | |
| fixed length control field | 220107s2003 xo a br 0000j slo |
| 015 ## - NATIONAL BIBLIOGRAPHY NUMBER | |
| National bibliography number | SNBA2003/11-04470 |
| 020 ## - INTERNATIONAL STANDARD BOOK NUMBER | |
| International Standard Book Number | 8055105731 |
| 035 ## - SYSTEM CONTROL NUMBER | |
| System control number | SNK000418379 |
| 035 ## - SYSTEM CONTROL NUMBER | |
| System control number | urn:nbn:sk:snk-am3ix58 |
| 035 ## - SYSTEM CONTROL NUMBER | |
| System control number | 07872580-EE92-482C-B009-EC9EA4015FB4 |
| 035 ## - SYSTEM CONTROL NUMBER | |
| System control number | urn:nbn:sk:snk-am00g3ve |
| 039 #9 - LEVEL OF BIBLIOGRAPHIC CONTROL AND CODING DETAIL [OBSOLETE] | |
| Level of rules in bibliographic description | 202408131137 |
| Level of effort used to assign nonsubject heading access points | AUTHORITY |
| Level of effort used to assign subject headings | 202408131136 |
| Level of effort used to assign classification | AUTHORITY |
| Level of effort used to assign subject headings | 202201070917 |
| Level of effort used to assign classification | VLOAD |
| Level of effort used to assign subject headings | 202201051625 |
| Level of effort used to assign classification | VLOAD |
| 040 ## - CATALOGING SOURCE | |
| Original cataloging agency | SNK |
| Language of cataloging | slo |
| Transcribing agency | SNK |
| Description conventions | AACR2 |
| 041 0# - LANGUAGE CODE | |
| Language code of text/sound track or separate title | slo |
| 044 ## - COUNTRY OF PUBLISHING/PRODUCING ENTITY CODE | |
| MARC country code | xo |
| ISO country code | SK |
| 072 #7 - SUBJECT CATEGORY CODE | |
| Subject category code | 821-93 |
| Subject category code subdivision | Literatúra pre deti a mládež (beletria) |
| Source | konspekt |
| 080 ## - UNIVERSAL DECIMAL CLASSIFICATION NUMBER | |
| Universal Decimal Classification number | 821.162.4-93 |
| Edition identifier | 1997 |
| 080 ## - UNIVERSAL DECIMAL CLASSIFICATION NUMBER | |
| Universal Decimal Classification number | 821.162-1(0.053.2) |
| Edition identifier | 1997 |
| 080 ## - UNIVERSAL DECIMAL CLASSIFICATION NUMBER | |
| Universal Decimal Classification number | 821.162.4-32 |
| Edition identifier | 2011 |
| 080 ## - UNIVERSAL DECIMAL CLASSIFICATION NUMBER | |
| Universal Decimal Classification number | 82-93-053.4/.5 |
| Edition identifier | 2011 |
| 100 1# - MAIN ENTRY--PERSONAL NAME | |
| Personal name | Miler, Zdeněk, |
| Dates associated with a name | 1921-2011 |
| Relationship | aut |
| -- | ill |
| 245 10 - TITLE STATEMENT | |
| Title | Šibal krtko |
| Statement of responsibility, etc. | Zdeněk Miler, Nataša Ďurinová |
| 250 ## - EDITION STATEMENT | |
| Edition statement | 1. vyd. |
| 260 ## - PUBLICATION, DISTRIBUTION, ETC. | |
| Place of publication, distribution, etc. | Bratislava |
| Name of publisher, distributor, etc. | Ikar |
| Date of publication, distribution, etc. | 2003 |
| 300 ## - PHYSICAL DESCRIPTION | |
| Extent | 29 strán |
| Other physical details | farebné ilustrácie |
| Dimensions | 24 cm |
| 500 ## - GENERAL NOTE | |
| General note | Farebná ilustrácia na titulnej strane a predsádkach |
| 655 #7 - INDEX TERM--GENRE/FORM | |
| Genre/form data or focus term | slovenské príbehy |
| Source of term | SNKPH |
| 655 #7 - INDEX TERM--GENRE/FORM | |
| Genre/form data or focus term | literatúra pre deti |
| Source of term | SNKPH |
| 700 1# - ADDED ENTRY--PERSONAL NAME | |
| Personal name | Ďurinová, Nataša, |
| Dates associated with a name | 1955- |
| Relationship | aut |
| 910 ## - USER-OPTION DATA (OCLC) | |
| User-option data | snk |
| 942 ## - ADDED ENTRY ELEMENTS (KOHA) | |
| Source of classification or shelving scheme | Dewey Decimal Classification |
| Koha item type | Krásna literatúra pre deti |
| Suppress in OPAC | No |
| 949 ## - LOCAL PROCESSING INFORMATION (OCLC) | |
| 6 | 17A0404146 |
| 9 | P60, <03>, [BOOK], {603} |
| a | snkSC 113709 |
| b | snkKSP 14719/2003 |
| s | 6100:20210507 |
| 949 ## - LOCAL PROCESSING INFORMATION (OCLC) | |
| 6 | 17A0408161 |
| 9 | P60, <04>, [BOOK], {604} |
| a | snkSC 113709 D1 |
| b | snkKSP 9/2004 |
| 949 ## - LOCAL PROCESSING INFORMATION (OCLC) | |
| 6 | 4710710569 |
| a | strmkM |
| b | strmk2010/10569 |
| 949 ## - LOCAL PROCESSING INFORMATION (OCLC) | |
| 6 | 4710710607 |
| a | strmkM |
| b | strmk2010/10607 |
| 949 ## - LOCAL PROCESSING INFORMATION (OCLC) | |
| 6 | 4710703220 |
| a | strmkM |
| b | strmk2008/3220 |
| 949 ## - LOCAL PROCESSING INFORMATION (OCLC) | |
| 6 | 3869A07739 |
| a | bpksh087.5 |
| b | bpksh51804 |
| 949 ## - LOCAL PROCESSING INFORMATION (OCLC) | |
| 6 | 0174026331 |
| a | lesknPRINT |
| b | lesknBD2012/19519 |
| 949 ## - LOCAL PROCESSING INFORMATION (OCLC) | |
| 6 | 3912000966 |
| a | knkjsde/M |
| b | knkjs2008/261660 |
| 949 ## - LOCAL PROCESSING INFORMATION (OCLC) | |
| 6 | 273K0124751 |
| a | svkpoB 72675 |
| b | svkpo466506 |
| Stav vyradenia | Strata | Poškodenie | Spôsob nadobudnutia | Domovská knižnica | Aktuálna knižnica | Dátum nadobudnutia | Total checkouts | Čiarový kód exemplára | Date last seen | Typ exemplára |
|---|---|---|---|---|---|---|---|---|---|---|
| Dar | Mestská knižnica Turany | Mestská knižnica Turany | 11.02.2026 | 4712401294 | 11.02.2026 | Krásna literatúra pre deti |
